| 000 | 00806nam a2200181Ia 4500 | ||
|---|---|---|---|
| 008 | 090124s9999 xx 000 0 und d | ||
| 082 |
_b31497 _a7411 |
||
| 100 | _aशहा सुरेखा | ||
| 245 | _a जोहड (राजेंद्रसिंह यांच्यावरील चरित्रात्मक कादं.) | ||
| 250 | _a1 | ||
| 260 | _c2002 | ||
| 300 | _a240 | ||
| 600 | _aशहा सुरेखा | ||
| 630 | _a जोहड (राजेंद्रसिंह यांच्यावरील चरित्रात्मक कादं.) | ||
| 700 | _aशहा सुरेखा | ||
| 730 | _a जोहड (राजेंद्रसिंह यांच्यावरील चरित्रात्मक कादं.) | ||
| 942 | _cBOOK | ||
| 999 |
_c144976 _d144976 |
||